Algebra y trigonometría contemporáneas
| Main Authors: | , |
|---|---|
| Format: | Section = Libro |
| Language: | Undetermined Spanish |
| Published: |
México
Harla
1986
|
| Subjects: |
| LEADER | 00499nam a2200193Ia 4500 | ||
|---|---|---|---|
| 008 | 240829s9999 xx 000 0 und d | ||
| 020 | |a 968-6034-72-2 | ||
| 040 | |a BIBLIOTECA-RUSB/ 512.13 B862 | ||
| 041 | |a spa | ||
| 082 | |a 512.13 B862 | ||
| 100 | 1 | |a Britton, Jack R | |
| 100 | 1 | |b Bello, Ignacio | |
| 245 | 1 | 0 | |a Algebra y trigonometría contemporáneas |
| 260 | |a México |b Harla |c 1986 | ||
| 300 | |a 734 p. :il. | ||
| 650 | 7 | |a ALGEBRAS Y TRIGONOMETRIA | |
| 942 | |c BK |2 ddc | ||
| 991 | |a TEXTO | ||
| 999 | |c 1427 | ||